000 005020000a22001570004500
003 MACL
005 20190412154731.0
008 190412b xxu||||| |||| 00| 0 eng d
040 _aMACL
_cMACL
100 _aमिश्र, माघवप्रसाद
_974293
245 _aसामाजिक कुरीतियॉं
260 _bसस्‍ता …Ư…ý …Œ…_…̜……_……"
_c1953
350 _a2
650 _aसामाजिकता
_974294
942 _cHIN
_k301
_2ddc
999 _c23015
_d23015